000 00566nmm a2200193Ia 4500
008 251105s9999||||xx |||||||||||||||||und||
020 _a9789561404663
041 _aspa
100 _aArancibia C., Violeta
245 0 _aManual de PsicologĂ­a Educacional
264 _a[Santiago de Chile, Chile] :
_bEdiciones UC,
_c2008
300 _a336 páginas
650 _aPsychology
700 _aArancibia C., Violeta
700 1 _a Herrera P., Paulina
700 1 _a Strasser S., Katherine
856 _uhttps://public.digitaliapublishing.com/a/15169
942 _cCF
999 _c62021
_d62021